Statistics for Element... or Pokémon?

Click here to take the quiz!

General Stats

  • This quiz has been taken 83,718 times
  • The average score is 17 of 20

Answer Stats

QuestionAnswer% Correct
GalliumElement
96%
SiliconElement
94%
AggronPokémon
93%
VespiquenPokémon
93%
MagnemitePokémon
93%
XenonElement
92%
ArcaninePokémon
92%
RhydonPokémon
92%
RadonElement
90%
RotomPokémon
90%
MantinePokémon
90%
BeldumPokémon
86%
CobalionPokémon
83%
TechnetiumElement
82%
LumineonPokémon
82%
BismuthElement
80%
GadoliniumElement
80%
MeganiumPokémon
74%
BergmitePokémon
74%
OganessonElement
65%

Score Distribution

Percentile by Number Answered

Percent of People with Each Score

Your Score History

You have not taken this quiz